00281nam a2200121Ia 4500008004100000041000900041082001800050100002000068245002500088260003000113300000800143650000800151230718s9999 xx 000 0 und d aEng. a343.23bMYN-C aMyneni, S.R. Dr 0aCriminal PC Junenize aPakistanbNew Dehlic2016 a624 aLaw